Estadísticas para Los Ríos más Largos del Mundo con un Mapa

Haz click aquí para tomar la prueba!

Estadísticas generales

  • Esta prueba ha sido tomada 2.265 veces
  • La puntuación promedio es 7 de 15

Respuestas en el mapa

Las respuestas están codificadas por una escala verde-roja en el mapa de la prueba según el % correcto abajo.
 

Estadísticas de respuestas

Río% Correcto
Amazonas
97%
Nilo
96%
Misisipi
83%
Amarillo
60%
Congo
60%
Misuri
53%
Níger
48%
Mekong
46%
Yangtsé
41%
Paraná
40%
Obi
23%
Lena
22%
Amur
20%
Mackenzie
19%
Yeniséi
19%

Distribución de puntuación

Porcentaje por número respondido

Porcentaje de gente con cada puntuación

Historial de tus puntuaciones

No has tomado esta prueba